Bohatýr První část cyklu Ocelové žezlo

Bibliographic Details
Main Author: Červenák, Juraj, 1974- (Author)
Other Authors: Pilch, Robert, 1976- (Translator)
Format: Book
Language:Czech
Slovak
PhysicalDescription:376 strán 22 cm
Published: Praha Argo 2022
ISBN:9788025738702
Edition:Vydání první
Series:Fantastika
Subjects:

MARC

LEADER 00000cam a2200000 4500
001 vtls012152945
003 SK-MaSNL
005 20260301231540.0
008 221025s2022 xr gr 000 f cze
015 |a SNBZSA2024/04 
020 |a 9788025738702  |q (viazané) 
040 |a SNK  |b slo  |c SNK  |e rda 
041 1 |a cze  |h slo 
044 |a xr  |c CZ 
072 7 |a 821.162.4-3  |x Slovenská próza  |2 konspekt 
080 |a 821.162.4-31  |2 2011 
080 |a (0:82-311.6)  |2 2011 
080 |a (0:82-312.9)  |2 2011 
100 1 |a Červenák, Juraj,  |d 1974-  |4 aut  |9 239345 
240 1 0 |a Oceľové žezlo  |l Česky 
245 1 0 |a Bohatýr  |n První část cyklu  |p Ocelové žezlo  |c Juraj Červenák ; překlad Robert Pilch 
246 3 0 |a Ocelové žezlo 
250 |a Vydání první 
264 1 |a Praha  |b Argo  |c 2022 
300 |a 376 strán  |c 22 cm 
336 |a text  |b txt  |2 rdacontent 
337 |a bez média  |b n  |2 rdamedia 
338 |a zväzok  |b nc  |2 rdacarrier 
490 1 |a Fantastika  |v 154. svazek 
500 |a Preložené zo slovenčiny 
500 |a Obsahuje dobový zemepis, staré kmene a národy, skutočné historické postavy, dávni Bohovia, mytické zvieratá a miesta, všedné predmety, názvy, tituly, váhové a dĺžkové miery 
500 |a Obsahuje životopisné a profesijné údaje o autorovi na záložke prebalu 
655 7 |a slovenské romány  |2 SNKPH  |9 70324 
655 7 |a historické romány  |2 SNKPH  |9 70253 
655 7 |a fantasy romány  |2 SNKPH  |9 121434 
655 7 |a Slovak fiction  |2 SNKPHeng  |9 277096 
655 7 |a Historical novels  |2 SNKPHeng  |9 276887 
655 7 |a Fantasy novels  |2 SNKPHeng  |9 248525 
700 1 |a Pilch, Robert,  |d 1976-  |4 trl  |9 195426 
787 0 8 |i Z tetralógie:  |t Bohatier  |g 1 
830 0 |a Fantastika  |9 353659 
852 |a Slovenská národná knižnica 
919 |a 978-80-257-3870-2 
954 |a beletria pôvodná (slovenská)  |2 lita 
958 |a ZS 
958 |a LX 
958 |a UP 
968 |b SLO 
999 |c 958790  |d 960720 
952 |a SNK  |b SNK  |y PREZ  |7 0  |p 17A1544671  |o snkSC 205668  |i snk2024/3455  |8 4  |g 17.44  |0 0  |1 0  |4 0  |d 2022-10-25  |l 0  |r 2025-10-29 00:00:00  |w 2026-02-24